Statistiques concernant Vainqueurs de l'ATP de Genève

Cliquez ici pour prendre le quiz!

Statistiques générales

  • Ce quiz a été pris 7 fois
  • Le résultat moyen est 3 sur 8

Statistiques - réponses

AnnéeVainqueur% Correct
2016Wawrinka
71%
2017Wawrinka
71%
2021Ruud
57%
2022Ruud
57%
2023Jarry
29%
2019Zverev
29%
2015Bellucci
14%
2018Fucsovics
14%

Distribution des résultats

Percentile par nombre de réponses

% des personnes avec chaque résultat

Votre développement - résultats

Vous n’avez pas pris ce quiz